Datum a čas kvízu
36
Celkem bodů
Celkový počet nahraných bodů na tomto kvízu bez doplňovacích otázek.
1.
Pořadí na kvízu
Konečné umístění týmu na tomto kvízu.
Zaznamenané odpovědi
| # | Otázka | Odpověď | Body | Výsledky |
|---|---|---|---|---|
| 1. | Příslušníci jisté profese se v... | popeláři | 1 | |
| 2. | Která velká evropská země schv... | Francie | 1 | |
| 3. | Která moderátorka oznámila, že... | Lucie Výborná | 1 | |
| 4. | Který známý šéfkuchař oznámil... | Emanuele Ridi | 0 | |
| 5. | Ve kterém evropském státě nabí... | ve Španělsku | 0 | |
| 6. | Na obrázku níže můžete vidět d... | Drákula a Frankenstein | 0.5 | |
| 7. | Co by to bylo za hororové téma... | D | 0 | |
| 8. | Ze které (převážně videoherní)... | Silent Hill | 1 | |
| 9. | Michael Myers, zabiják ze séri... | A | 1 | |
| 10. | Čím je inspirován česko-americ... | D | 1 |